000 01090nam a2200265 a 4500
005 20150915091554.0
008 150915s2006 pl a fr 000 0 eng d
020 _a8389897164
020 _a9788389897169
040 _aCO-BoUCM
_bspa
_cDavid Avila
_dDavid Avila
041 1 _aeng
_hpol
245 0 0 _aPoland
_byour business partner
_c[materials have been prepared by the Foreign Trade Research Institute].
260 _aVarsovia (Polonia)
_bForeign Trade Research Institute
_c2006
300 _a197 páginas
_bilustraciones
504 _aIncluye referencias bibliográficas
650 0 _aInversiones extranjeras
_zPolonia
_971521
650 0 _aRegulación del comercio exterior
_zPolonia
_971522
650 0 _aDerecho comercial
_zPolonia
_971523
650 0 _aInversiones extranjeras
_xLegislación
_zPolonia
_971524
650 0 _aImpuestos
_xLegislación
_zPolonia
_971525
690 _942757
_aComercio
710 2 _aInstytut Koniunktur i Cen Handlu Zagranicznego (Warsaw, Poland)
_971526
942 _2DEWEY
_a7
_cLIBRO
_e1
_h332.673
_mP762p
999 _c301074
_d301074